000
002540000a22000970004500
100
1
_a
Bantz, Jeffrey R.
245
1
0
_a
Total commitment
300
_a
Vol. 72, Num. 4 (Octubre-Diciembre, 1996), Página 16
773
0
_t
Latin America Evangelist
942
_c
ANA
999
_c
54675
_d
54675